000 00737nam a2200253 a 4500
001 26639
003 CO-ViMGA
008 141112s2004 ck r 000 u spa d
020 _a8472238628
040 _aCO-ViMGA
_bspa
_cCO-ViMGA
041 _aspa
_beng
082 0 4 _a823.5 W31e
100 1 _aWharton, Edith, 1862 - 1937
_93676
245 1 0 _aLa edad de la inocencia /
_cEdith Wharton ; traducción de María Rosa Duhart
250 _a1a. ed.
260 _aChile :
_bAndres Bello,
_c2000
300 _a404 p. ; 19 cm
598 _aNEW - GRAL
650 1 4 _aNovela estadounidense
_9761
700 1 _aDuhart, María Rosa, tr.
_93677
917 _a5833 20081003
942 _2ddc
_cBK
999 _c9991
_d9991